000 00938nam a2200253Ia 4500
003 GCL
008 140319s9999 xx 000 0 ara d
040 _aGCL /
_cGCL
082 0 4 _a338.7
_bج ت
100 1 _aجامعة اسيوط
245 1 0 _aالتجمعات الاقليمية فى عالم اليوم ابحاث المؤتمر العلمى الاول حول ظاهرة التجمعات الاقليمية /
_cجامعة اسيوط
700 1 _aعبدالهادى سويفى
700 1 _aعبدالنبى الطوخى
700 1 _aعبدالله هدية
700 1 _aمحمد ابراهيم منصور
260 _a[S.N] :
_bدار النهضة العربية ،
_c1990
300 _a702 ص
490 _a
650 0 4 _aالاقتصاد
650 0 4 _aالتجارة الخارجية
650 0 4 _aالتبادل التجارى
650 0 4 _aالمنظمات الدولية الاقليمية
942 _2ddc
_cBK
999 _c32266
_d32266